000 01054nam a22002297a 4500
999 _c15088
_d15088
003 OSt
082 _2631.75807 AIS/RE
088 _aP 206
100 _aAISWARYA K. P
_93617
245 _aRecommendations to rejuvenate river Bharathapuzha using GIS and watershed simulation model
260 _aTavanur 2009
_bDepartment of Land and Water Resources and Conservation Engineering
300 _a60
500 _aRecommendations to rejuvenate river Bharathapuzha using GIS and watershed simulation model
520 _athe main objectives of the study include modeling the topography of the river basin using GIS, to study existing flow pattern using wastershed simulation model and to suggest suitable interventions to improve the summer flow regime of river Bharathapuzha.
700 _aFathima Shimji
_93618
700 _aJishitha Ravindran
_93619
700 _aNitha K
_93620
700 _aRani P. R
_93621
700 _aEr. K. K Sathian (Guide)
_93391
856 _uhttps://drive.google.com/open?id=1k_uHKYBHrs_2hqyQyfS1odJthSLx_PfS
942 _cPR